000 00687nam a2200205Ii 4500
003 JO-AjNU
008 230605s9999||||xx |||||||||||||| ||und||
017 _a1999/7/1169
040 _aJO-AjNU
_bara
_erda
_cJO-AjNU
041 _aara
050 1 4 _aPJ7820.A49.Z86 1999
100 3 _aتأليف الرواشدة، سامح,
_eauthor
_940023
245 0 0 _aفضاءات الشعرية: دراسة في ديوان أمل دنقل
264 3 1 _aإربد:المركز القومي،1999
300 _a113ص
336 _atext
_btxt
_2rdacontent
337 _aunmediated
_bn
_2rdamedia
338 _avolume
_bnc
_2rdacarrier
650 4 _aالشعر العربي - تاريخ ونقد
_940024
999 _aA16951
_c20519
_d20519